Statistics for Countries Closest to Australia

Click here to take the quiz!

General Stats

  • This quiz has been taken 51,759 times
    (39,446 since last reset)
  • The average score is 16 of 20

Answer Stats

km country miles % Correct
1303New Zealand810
99%
123Indonesia76
95%
4Papua New Guinea2
90%
2591Fiji1610
88%
2250Malaysia1398
87%
2798Singapore1738
80%
3391Thailand2107
79%
1391Solomon Islands864
78%
1920Philippines1193
78%
1744Vanuatu1084
77%
3228Tonga2006
75%
3413Vietnam2121
75%
1778F. S. Micronesia1105
75%
3266Marshall Islands2029
74%
461East Timor286
74%
3199Tuvalu1988
73%
1995Palau1240
72%
2863Nauru1779
72%
3086Kiribati1918
70%
2402Brunei1493
64%

Score Distribution

Percentile by Number Answered

Percent of People with Each Score

Your Score History

You have not taken this quiz since the last reset